| 000 | 01133nas a2200397 4500 | ||
|---|---|---|---|
| 001 | BR0305505 | ||
| 003 | BR-BrBNA | ||
| 005 | 20231205104154.0 | ||
| 007 | ta | ||
| 008 | 230509b bl.|||p| |||| 00| 00por d | ||
| 040 |
_aBR-BrBNA _bpor _cBiblioteca Nacional de Agricultura |
||
| 041 | _a(Pt) | ||
| 072 | _aL51 | ||
| 100 | 1 | _aLadeira, M.M. | |
| 100 | 1 | _aRodriguez, N.M. | |
| 100 | 1 | _aBorges, I. | |
| 100 | 1 | _aGonçalves, L.C. | |
| 100 | 1 | _aSaliba, E. de O.S. | |
| 100 | 1 | _aBrito, S.C. | |
| 100 | 1 | _aSá, L.A.P. de | |
| 245 | 1 | _aAvaliação do feno de Arachis pintoi utilizando o ensaio de digestibilidade in vivo | |
| 650 | _aOVINO | ||
| 650 | _aFENO | ||
| 650 | _aLEGUMINOSAE | ||
| 650 | _aPROTEÍNA | ||
| 650 | _aDIGESTIBILIDADE IN VITRO | ||
| 650 | _aCARBOIDRATO | ||
| 650 | _aNITROGÊNIO | ||
| 650 | _aMATÉRIA SECA | ||
| 650 | _aMATÉRIA ORGÂNICA | ||
| 650 | _aFIBRA BRUTA | ||
| 650 | _aMINAS GERAIS | ||
| 773 | 0 |
_tRevista Brasileira de Zootecnia (Brazil) _xISSN 1516-3598 _g(Nov-Dec 2002), v. 31(6) p. 2350-2356 _wBR0305505 |
|
| 909 |
_a202311 _bLúcia _c55 _dLúcia Elande |
||
| 942 |
_2AGRIS _n0 _cANA |
||
| 999 |
_c176744 _d176744 |
||